Možnosti podpory budovania vývozných aliancií v SR
Podpora budovania vývozných aliancií vo všeobecnosti. Súčasný stav problematiky vo vybraných európskych krajinách. Podpora vývozných aliancií v SR.
Guardado en:
| Autor principal: | |
|---|---|
| Formato: | Capítulo de libro |
| Lenguaje: | eslovaco |
| Materias: | |
| Etiquetas: |
Sin Etiquetas, Sea el primero en etiquetar este registro!
|
MARC
| LEADER | 00000naa a2200000 4500 | ||
|---|---|---|---|
| 001 | 0189029 | ||
| 005 | 20231207075328.9 | ||
| 041 | 0 | |a slo | |
| 044 | |a SK | ||
| 245 | 1 | 0 | |a Možnosti podpory budovania vývozných aliancií v SR |c Katarína Ivánková |
| 520 | |a Podpora budovania vývozných aliancií vo všeobecnosti. Súčasný stav problematiky vo vybraných európskych krajinách. Podpora vývozných aliancií v SR. | ||
| 610 | 2 | 0 | |a aliancie strategické |
| 610 | 2 | 0 | |a Taliansko |
| 610 | 2 | 0 | |a Slovensko |
| 610 | 2 | 0 | |a podpora vývozu |
| 610 | 2 | 0 | |a Európa |
| 610 | 2 | 0 | |a podnik |
| 610 | 2 | 0 | |a Španielsko |
| 610 | 2 | 0 | |a vzťahy hospodárske vonkajšie |
| 100 | 1 | |a Ivánková, Katarína | |